[Event "CYCC U18"]
[Site "Sault Ste Marie CAN"]
[Date "2017.07.07"]
[Round "4.7"]
[White "Doknjas, John"]
[Black "Greeson, Vincent Greeson"]
[Result "1/2-1/2"]
[WhiteElo "2281"]
[BlackElo "1786"]
[WhiteFideId "-1"]
[WhiteFideId "-1"]
[PlyCount "69"]
[GameId "2160767908410760"]
[EventDate "2017.07.06"]
[EventType "swiss"]
[EventRounds "7"]
[EventCountry "CAN"]
[SourceTitle "EXT 2022"]
[Source "ChessBase"]
[SourceDate "2021.10.06"]
[SourceVersion "1"]
[SourceVersionDate "2021.10.06"]
[SourceQuality "1"]

1. d4 Nf6 2. c4 e6 3. Nc3 d5 4. cxd5 exd5 5. Bg5 c6 6. Qc2 a6 7. Bh4 Be7 8. e3 O-O 9. Bd3 c5 10. dxc5 d4 11. exd4 Qxd4 12. Nf3 Qxc5 13. O-O Bg4 14. Qe2 Nbd7 15. Ne4 Bxf3 16. Qxf3 Ne5 17. Qf5 Nxe4 18. Bxe7 Qxe7 19. Bxe4 Ng6 20. Rfe1 Rfe8 21. b3 Rab8 22. g3 Qe5 23. Qxe5 Nxe5 24. f4 Ng4 25. Bf3 h5 26. h3 Nf6 27. Kf2 b6 28. Rac1 Rxe1 29. Kxe1 Re8+ 30. Kd2 Ne4+ 31. Bxe4 Rxe4 32. Rc8+ Kh7 33. Kd3 Re1 34. Rc7 Rg1 35. Rxf7 1/2-1/2

[Event "CYCC U18"]
[Site "Sault Ste Marie CAN"]
[Date "2017.07.07"]
[Round "4.8"]
[White "Shi, Diwen"]
[Black "Brousseau, Joshua"]
[Result "1-0"]
[WhiteElo "2287"]
[BlackElo "1021"]
[WhiteFideId "-1"]
[WhiteFideId "-1"]
[PlyCount "23"]
[GameId "2160767908410761"]
[EventDate "2017.07.06"]
[EventType "swiss"]
[EventRounds "7"]
[EventCountry "CAN"]
[SourceTitle "hb 2017"]

1. e4 c5 2. Nc3 Nc6 3. f4 d6 4. Nf3 Bg4 5. Bb5 e6 6. h3 Bxf3 7. Qxf3 Nge7 8. O-O g6 9. f5 exf5 10. exf5 Nxf5 11. Bxc6+ bxc6 12. Qxc6+ 1-0

[Event "CYCC U18"]
[Site "Sault Ste Marie CAN"]
[Date "2017.07.07"]
[Round "4.10"]
[White "McGovern, Michael"]
[Black "Colvin, Andrew"]
[Result "0-1"]
[WhiteElo "1160"]
[BlackElo "1905"]
[WhiteFideId "-1"]
[WhiteFideId "-1"]
[PlyCount "76"]
[GameId "2160767908410763"]
[EventDate "2017.07.06"]
[EventType "swiss"]
[EventRounds "7"]
[EventCountry "CAN"]
[SourceTitle "hb 2017"]

1. d4 d5 2. Nf3 Nf6 3. e3 c5 4. b3 Nc6 5. Bd3 Bg4 6. Bb2 e6 7. O-O Bd6 8. Nbd2 O-O 9. h3 Bxf3 10. Nxf3 Qe7 11. Ne5 Rac8 12. a3 cxd4 13. exd4 Ne4 14. Qe2 f5 15. Kh2 Qf6 16. f3 Nxd4 17. Bxd4 Bxe5+ 18. Bxe5 Qxe5+ 19. Kg1 Qd4+ 20. Kh2 Ng5 21. Bb5 Qc5 22. h4 Qd6+ 23. Kh1 Nf7 24. Rfe1 e5 25. b4 Qf6 26. Qf2 Nd6 27. Ba4 f4 28. g3 Nc4 29. Bb3 fxg3 30. Qxg3 Qxf3+ 31. Qxf3 Rxf3 32. Bxc4 Rxc4 33. Rxe5 Rh3+ 34. Kg1 Rhxh4 35. Rf1 Rcg4+ 36. Kf2 Rf4+ 37. Ke1 Re4+ 38. Rxe4 Rxe4+ 0-1

[Event "CYCC U18"]
[Site "Sault Ste Marie CAN"]
[Date "2017.07.07"]
[Round "4.13"]
[White "Robertson, Kole"]
[Black "Situ, Andrew"]
[Result "1-0"]
[WhiteElo "1680"]
[BlackElo "1023"]
[WhiteFideId "-1"]
[WhiteFideId "-1"]
[PlyCount "47"]
[GameId "2160767908410766"]
[EventDate "2017.07.06"]
[EventType "swiss"]
[EventRounds "7"]
[EventCountry "CAN"]
[SourceTitle "hb 2017"]

1. b3 d5 2. Bb2 e6 3. e3 c5 4. d4 Qb6 5. dxc5 Bxc5 6. Bxg7 f6 7. Bxh8 Nc6 8. Qh5+ Kd8 9. Bd3 d4 10. e4 Nb4 11. Nd2 Nxd3+ 12. cxd3 Bb4 13. Ngf3 Bc3 14. Rc1 Kc7 15. Qxh7+ Bd7 16. O-O Rd8 17. Nb1 Qa5 18. Nxd4 Kb8 19. Nxc3 Qe5 20. Nf3 Qf4 21. Qh4 Qd6 22. Bxf6 Nxf6 23. Qxf6 Be8 24. Qe5 1-0

[Event "CYCC U18"]
[Site "Sault Ste Marie CAN"]
[Date "2017.07.08"]
[Round "5.6"]
[White "Hay, Jonathan"]
[Black "Zhong, Joey"]
[Result "1/2-1/2"]
[WhiteElo "1940"]
[BlackElo "2156"]
[WhiteFideId "-1"]
[WhiteFideId "-1"]
[PlyCount "77"]
[GameId "2160767908410767"]
[EventDate "2017.07.06"]
[EventType "swiss"]
[EventRounds "7"]
[EventCountry "CAN"]
[SourceTitle "hb 2017"]

1. d4 Nf6 2. Bf4 g6 3. Nc3 d5 4. e3 Bg7 5. h4 c5 6. Nb5 Na6 7. c3 O-O 8. Be2 h5 9. Nf3 Ng4 10. Nh2 e5 11. dxe5 Nxe5 12. g4 hxg4 13. Nxg4 Bxg4 14. Bxg4 c4 15. Bxe5 Bxe5 16. h5 Nc5 17. Be2 Ne4 18. Bf3 Nc5 19. Be2 Qb6 20. Qxd5 Qxb5 21. Bxc4 Qxb2 22. Rd1 Qxc3+ 23. Kf1 Rad8 24. Qxd8 Rxd8 25. Rxd8+ Kg7 26. h6+ Kf6 27. Be2 Ke7 28. Ra8 Nd3 29. Kg2 Ne1+ 30. Kf1 Nd3 31. Kg2 Ne1+ 32. Kf1 Qc6 33. f3 Nxf3 34. h7 Nd2+ 35. Kg1 Qc1+ 36. Kg2 Qc6+ 37. Kg1 Qc1+ 38. Kg2 Qc6+ 39. Kg1 1/2-1/2

[Event "CYCC U18"]
[Site "Sault Ste Marie CAN"]
[Date "2017.07.08"]
[Round "5.7"]
[White "Colvin, Andrew"]
[Black "Shi, Diwen"]
[Result "1/2-1/2"]
[WhiteElo "1903"]
[BlackElo "2287"]
[WhiteFideId "-1"]
[WhiteFideId "-1"]
[PlyCount "118"]
[GameId "2160767908410768"]
[EventDate "2017.07.06"]
[EventType "swiss"]
[EventRounds "7"]
[EventCountry "CAN"]
[SourceTitle "hb 2017"]

1. d4 Nf6 2. Nf3 e6 3. g3 d5 4. c4 Nc6 5. Bg2 dxc4 6. O-O Rb8 7. a4 a6 8. Qc2 Nxd4 9. Nxd4 Qxd4 10. Be3 Qd8 11. Qxc4 Bd6 12. Nc3 O-O 13. Rfd1 Qe7 14. Rac1 h6 15. Qh4 Rd8 16. Ne4 Nxe4 17. Qxe7 Bxe7 18. Rxd8+ Bxd8 19. Bxe4 Bd7 20. b3 c6 21. Rd1 Be8 22. b4 Be7 23. Bc5 Kf8 24. a5 Bxc5 25. bxc5 Ke7 26. f4 f5 27. Bf3 Rd8 28. Rxd8 Kxd8 29. e4 fxe4 30. Bxe4 Ke7 31. Kf2 Kf6 32. Ke3 e5 33. h4 Bh5 34. Bg2 Kf5 35. Bh3+ Bg4 36. Bxg4+ Kxg4 37. fxe5 Kf5 38. e6 Kxe6 39. Ke4 h5 40. Kf4 Kd5 41. Kg5 Kxc5 42. Kxh5 Kb5 43. Kg6 c5 44. Kxg7 c4 45. h5 c3 46. h6 c2 47. h7 c1=Q 48. h8=Q Qc3+ 49. Kh7 Qd3+ 50. Kh6 Qe3+ 51. Kh7 Qd3+ 52. Kh6 Qxg3 53. Qd8 Qe3+ 54. Kg6 Qc5 55. Kf6 Kb4 56. Kf7 Qxa5 57. Qd2+ Kb5 58. Qd5+ Ka4 59. Qa2+ Kb5 1/2-1/2

[Event "CYCC U18"]
[Site "Sault Ste Marie CAN"]
[Date "2017.07.08"]
[Round "5.8"]
[White "Petersen, Caleb"]
[Black "Doknjas, John"]
[Result "0-1"]
[WhiteElo "2107"]
[BlackElo "2281"]
[WhiteFideId "-1"]
[WhiteFideId "-1"]
[PlyCount "78"]
[GameId "2160767908410769"]
[EventDate "2017.07.06"]
[EventType "swiss"]
[EventRounds "7"]
[EventCountry "CAN"]
[SourceTitle "hb 2017"]

1. d4 Nf6 2. c4 c5 3. d5 e6 4. Nc3 exd5 5. cxd5 d6 6. e4 g6 7. Nge2 Bg7 8. Ng3 O-O 9. Be2 Re8 10. h4 h5 11. Bg5 Nbd7 12. O-O a6 13. a4 Qc7 14. Qd2 c4 15. Bh6 Bh8 16. Rae1 Ne5 17. Be3 Nfg4 18. Bd4 Qe7 19. Bxg4 Nxg4 20. f3 Ne5 21. f4 Ng4 22. Bxh8 Qxh4 23. Rf3 Qh2+ 24. Kf1 Kxh8 25. Qd4+ Kg8 26. Qxc4 h4 27. Nge2 h3 28. gxh3 Qh1+ 29. Ng1 Nh2+ 30. Kf2 Nxf3 31. Nxf3 Qxh3 32. Rg1 Bg4 33. Rg3 Qh5 34. Qc7 Bxf3 35. Rxf3 Qh2+ 36. Ke3 Qxb2 37. Rf2 Qb4 38. Ne2 Qxe4+ 39. Kd2 Rac8 0-1

[Event "CYCC U18"]
[Site "Sault Ste Marie CAN"]
[Date "2017.07.08"]
[Round "5.9"]
[White "Greeson, Vincent Greeson"]
[Black "McGovern, Michael"]
[Result "1-0"]
[WhiteElo "1786"]
[BlackElo "1160"]
[WhiteFideId "-1"]
[WhiteFideId "-1"]
[PlyCount "23"]
[GameId "2160767908410770"]
[EventDate "2017.07.06"]
[EventType "swiss"]
[EventRounds "7"]
[EventCountry "CAN"]
[SourceTitle "EXT 2022"]
[Source "ChessBase"]
[SourceDate "2021.10.06"]
[SourceVersion "1"]
[SourceVersionDate "2021.10.06"]
[SourceQuality "1"]

1. d4 Nf6 2. c4 g6 3. Nc3 Bg7 4. e4 O-O 5. e5 Ne8 6. Nf3 d6 7. Bf4 Nd7 8. Be2 c5 9. dxc5 dxe5 10. Nxe5 Qc7 11. Nxg6 e5 12. Nd5 1-0

[Event "CYCC U18"]
[Site "Sault Ste Marie CAN"]
[Date "2017.07.08"]
[Round "5.10"]
[White "Ban, Sihao"]
[Black "Adamo, Brendan"]
[Result "0-1"]
[WhiteElo "1566"]
[BlackElo "2166"]
[WhiteFideId "-1"]
[WhiteFideId "-1"]
[PlyCount "141"]
[GameId "2160767908410771"]
[EventDate "2017.07.06"]
[EventType "swiss"]
[EventRounds "7"]
[EventCountry "CAN"]
[SourceTitle "hb 2017"]

1. e4 e5 2. Nf3 Nc6 3. d4 exd4 4. Nxd4 Bc5 5. Be3 Nxd4 6. Bxd4 Bxd4 7. Qxd4 Qf6 8. e5 Qb6 9. Qc3 Ne7 10. Bc4 Qg6 11. O-O O-O 12. Bd3 Qb6 13. Nd2 Nd5 14. Qc4 Qc6 15. Qh4 Qh6 16. Qe4 Nf4 17. Nf3 d6 18. exd6 cxd6 19. Bc4 Rb8 20. Nd4 Qg5 21. Bd3 Nxd3 22. Qxd3 a6 23. Rad1 Bg4 24. Nf3 Qh5 25. Qd5 Rfd8 26. Qxh5 Bxh5 27. Rd5 Bxf3 28. gxf3 Rd7 29. Rfd1 Rbd8 30. c4 b6 31. b4 Kf8 32. c5 bxc5 33. bxc5 Ke7 34. Kf1 Ke6 35. Ke2 dxc5 36. Rxd7 Rxd7 37. Rb1 g6 38. Rb8 Kd5 39. Ra8 Rd6 40. Ra7 Rf6 41. a4 h5 42. a5 c4 43. Rb7 Kc5 44. Ke3 Kd5 45. Ke2 Kd4 46. Rb6 Re6+ 47. Kd2 c3+ 48. Kc2 Kc4 49. Rb7 Re2+ 50. Kd1 Ra2 51. Rc7+ Kb4 52. Rb7+ Kxa5 53. Rxf7 Rxf2 54. h4 Kb4 55. Rb7+ Ka5 56. Rf7 Rb2 57. Rf4 Kb5 58. Re4 a5 59. Re6 Rg2 60. Kc1 a4 61. Re8 a3 62. Rb8+ Kc4 63. Rc8+ Kd3 64. Rd8+ Ke3 65. Rc8 Kf4 66. Rxc3 a2 67. Rc4+ Kg3 68. Ra4 a1=Q+ 69. Rxa1 Rg1+ 70. Kb2 Rxa1 71. Kxa1 0-1

[Event "CYCC U18"]
[Site "Sault Ste Marie CAN"]
[Date "2017.07.08"]
[Round "5.12"]
[White "Renaud, Alexandre"]
[Black "Robertson, Kole"]
[Result "1-0"]
[WhiteElo "1168"]
[BlackElo "1680"]
[WhiteFideId "-1"]
[WhiteFideId "-1"]
[PlyCount "73"]
[GameId "2160767908410773"]
[EventDate "2017.07.06"]
[EventType "swiss"]
[EventRounds "7"]
[EventCountry "CAN"]
[SourceTitle "hb 2017"]

1. d4 e6 2. c4 f5 3. e3 Nf6 4. Nc3 b6 5. Qf3 Nc6 6. d5 Ne5 7. Qd1 Bb7 8. Nf3 Nxf3+ 9. Qxf3 Bb4 10. Bd2 O-O 11. a3 Bxc3 12. Bxc3 Ne4 13. dxe6 Rb8 14. Qd1 Nxc3 15. bxc3 Qf6 16. Qd4 Qxe6 17. c5 Qe7 18. cxb6 axb6 19. Bc4+ Kh8 20. O-O Rf6 21. g3 Rd6 22. Qf4 g5 23. Qxf5 Rf8 24. Qc2 Be4 25. Qb2 Rh6 26. Bb3 Rf3 27. c4+ Kg8 28. c5+ Re6 29. cxb6 d5 30. b7 Rb6 31. b8=Q+ Rxb8 32. Bxd5+ Bxd5 33. Qxb8+ Kf7 34. Rac1 Qe4 35. Rxc7+ Kf6 36. Qf8+ Kg6 37. Qg7+ 1-0

[Event "CYCC U18"]
[Site "Sault Ste Marie CAN"]
[Date "2017.07.09"]
[Round "6.1"]
[White "Zhong, Joey"]
[Black "Doknjas, John"]
[Result "0-1"]
[WhiteElo "2156"]
[BlackElo "2281"]
[WhiteFideId "-1"]
[WhiteFideId "-1"]
[PlyCount "62"]
[GameId "2160767908410775"]
[EventDate "2017.07.06"]
[EventType "swiss"]
[EventRounds "7"]
[EventCountry "CAN"]
[SourceTitle "hb 2017"]

1. d4 Nf6 2. c4 c5 3. d5 e6 4. Nc3 exd5 5. cxd5 d6 6. Nf3 g6 7. Bf4 Bg7 8. h3 O-O 9. e3 Na6 10. Be2 Nc7 11. O-O Re8 12. Bh2 a6 13. a4 Rb8 14. a5 b5 15. axb6 Rxb6 16. Nd2 Bf8 17. Nc4 Rb4 18. b3 Rb8 19. Bf3 Nb5 20. Na4 Bf5 21. Nab2 Nc3 22. Qe1 Rxb3 23. Rxa6 Nb5 24. Bd1 Rb4 25. Ba4 Nxd5 26. Bxb5 Rxb5 27. Nxd6 Rxb2 28. Nxe8 Bd3 29. Qa1 Bxa6 30. Qxb2 Bxf1 31. Kxf1 Qxe8 0-1

[Event "CYCC U18"]
[Site "Sault Ste Marie CAN"]
[Date "2017.07.09"]
[Round "6.7"]
[White "Shi, Diwen"]
[Black "Hay, Jonathan"]
[Result "1-0"]
[WhiteElo "2287"]
[BlackElo "1940"]
[WhiteFideId "-1"]
[WhiteFideId "-1"]
[PlyCount "63"]
[GameId "2160767908410776"]
[EventDate "2017.07.06"]
[EventType "swiss"]
[EventRounds "7"]
[EventCountry "CAN"]
[SourceTitle "hb 2017"]

1. e4 c6 2. d4 d5 3. e5 c5 4. dxc5 Nc6 5. Nf3 Bg4 6. c3 Bxf3 7. Qxf3 Nxe5 8. Bb5+ Nc6 9. Be3 e6 10. c4 Nf6 11. Nc3 Be7 12. O-O O-O 13. cxd5 exd5 14. Rfd1 Qa5 15. a3 Rfd8 16. b4 Qc7 17. Nxd5 Nxd5 18. Rxd5 Rxd5 19. Qxd5 a5 20. Rb1 axb4 21. axb4 Bf6 22. Qe4 g6 23. Bf4 Qc8 24. Bd6 Ra1 25. Rxa1 Bxa1 26. Bc4 Nxb4 27. Qb1 Bc3 28. Qb3 Be1 29. Bxf7+ Kg7 30. Be6 Qc6 31. Qb2+ Kh6 32. Bf4+ 1-0

[Event "CYCC U18"]
[Site "Sault Ste Marie CAN"]
[Date "2017.07.09"]
[Round "6.8"]
[White "Colvin, Andrew"]
[Black "Greeson, Vincent Greeson"]
[Result "1/2-1/2"]
[WhiteElo "1905"]
[BlackElo "1786"]
[WhiteFideId "-1"]
[WhiteFideId "-1"]
[PlyCount "83"]
[GameId "2160767908410777"]
[EventDate "2017.07.06"]
[EventType "swiss"]
[EventRounds "7"]
[EventCountry "CAN"]
[SourceTitle "EXT 2022"]
[Source "ChessBase"]
[SourceDate "2021.10.06"]
[SourceVersion "1"]
[SourceVersionDate "2021.10.06"]
[SourceQuality "1"]

1. d4 Nf6 2. Nf3 e6 3. g3 Be7 4. c4 d5 5. Bg2 O-O 6. O-O b6 7. Nc3 Bb7 8. Ne5 Nc6 9. cxd5 Nxe5 10. dxe5 Nxd5 11. Nxd5 Bxd5 12. Be3 c5 13. Rc1 Bxg2 14. Qxd8 Rfxd8 15. Kxg2 Rd5 16. f4 Rad8 17. Kf3 f6 18. Ke4 g5 19. h3 f5+ 20. Kf3 h5 21. Rc2 g4+ 22. hxg4 fxg4+ 23. Ke4 Rd1 24. Rxd1 Rxd1 25. Rd2 Rxd2 26. Bxd2 h4 27. gxh4 Bxh4 28. Be3 Kf7 29. f5 Bg3 30. f6 Bh2 31. Bf4 Bg1 32. Bg3 Bd4 33. b3 b5 34. Kd3 a5 35. a4 bxa4 36. bxa4 Bb2 37. Kc4 Ba3 38. Kb5 Bb4 39. Kc4 Ba3 40. Kd3 Bb2 41. Kc4 Ba3 42. Kb5 1/2-1/2

[Event "CYCC U18"]
[Site "Sault Ste Marie CAN"]
[Date "2017.07.09"]
[Round "6.9"]
[White "Adamo, Brendan"]
[Black "Brousseau, Joshua"]
[Result "1-0"]
[WhiteElo "2166"]
[BlackElo "1021"]
[WhiteFideId "-1"]
[WhiteFideId "-1"]
[PlyCount "49"]
[GameId "2160767908410778"]
[EventDate "2017.07.06"]
[EventType "swiss"]
[EventRounds "7"]
[EventCountry "CAN"]
[SourceTitle "hb 2017"]

1. e4 c5 2. Nc3 Nc6 3. f4 e6 4. Nf3 Nge7 5. a4 a6 6. Bc4 d5 7. Ba2 d4 8. Nb1 Qc7 9. d3 Ng6 10. O-O Be7 11. g3 O-O 12. Na3 b6 13. h4 h5 14. Nh2 e5 15. f5 Nh8 16. Qxh5 Qd6 17. Nc4 Qc7 18. Ng4 b5 19. axb5 axb5 20. Na3 Ba6 21. f6 Bxf6 22. Nxf6+ gxf6 23. Bh6 Qe7 24. Qg4+ Ng6 25. Qxg6+ 1-0

[Event "CYCC U18"]
[Site "Sault Ste Marie CAN"]
[Date "2017.07.09"]
[Round "6.10"]
[White "Renaud, Alexandre"]
[Black "Petersen, Caleb"]
[Result "0-1"]
[WhiteElo "1168"]
[BlackElo "2107"]
[WhiteFideId "-1"]
[WhiteFideId "-1"]
[PlyCount "98"]
[GameId "2160767908410779"]
[EventDate "2017.07.06"]
[EventType "swiss"]
[EventRounds "7"]
[EventCountry "CAN"]
[SourceTitle "hb 2017"]

1. d4 Nf6 2. c4 e6 3. Nf3 b6 4. e3 Bb7 5. Nc3 d5 6. a3 Be7 7. Bd3 O-O 8. O-O Nbd7 9. Qc2 h6 10. Ne5 c5 11. Nxd7 Qxd7 12. cxd5 Nxd5 13. Bb5 Qc7 14. Nxd5 exd5 15. Qf5 Bf6 16. Rd1 Rfd8 17. Bd3 Bc8 18. Qh5 Qe7 19. Bf1 Qe4 20. Bd3 Qe7 21. Bf1 Qe4 22. Bd3 Bg4 23. Bxe4 Bxh5 24. Bf3 Bxf3 25. gxf3 cxd4 26. exd4 Rac8 27. Be3 Rc2 28. b4 Rdc8 29. a4 R8c4 30. Rab1 Ra2 31. Ra1 Rxa1 32. Rxa1 Rxb4 33. a5 Bxd4 34. Bxd4 Rxd4 35. axb6 axb6 36. Rb1 Rf4 37. Kg2 Rf6 38. Rd1 Rd6 39. Rb1 d4 40. Kf1 Kf8 41. Ke2 d3+ 42. Kd2 Ke7 43. Re1+ Kf6 44. Re3 g5 45. Rxd3 Rxd3+ 46. Kxd3 Kf5 47. Kc3 b5 48. Kd2 Kf4 49. Kc3 Kxf3 0-1

[Event "CYCC U18"]
[Site "Sault Ste Marie CAN"]
[Date "2017.07.09"]
[Round "6.13"]
[White "Situ, Andrew"]
[Black "Cloutier, Daniel"]
[Result "1/2-1/2"]
[WhiteElo "1028"]
[BlackElo "992"]
[WhiteFideId "-1"]
[WhiteFideId "-1"]
[PlyCount "82"]
[GameId "2160767908410781"]
[EventDate "2017.07.06"]
[EventType "swiss"]
[EventRounds "7"]
[EventCountry "CAN"]
[SourceTitle "hb 2017"]

1. e4 d6 2. Nf3 Nf6 3. Nc3 g6 4. d4 Bg7 5. Bc4 O-O 6. Bg5 c6 7. d5 b5 8. Bb3 b4 9. Ne2 Nxe4 10. Rb1 Bg4 11. h4 Bxf3 12. gxf3 Nxg5 13. hxg5 e6 14. dxe6 d5 15. exf7+ Rxf7 16. f4 Qe8 17. a3 Rxf4 18. axb4 Nd7 19. b5 Nb6 20. Kf1 Rf5 21. bxc6 Qxc6 22. f4 Kh8 23. c3 Raf8 24. Rh4 Rxg5 25. Ra1 Nc4 26. Ke1 Rgf5 27. Rxa7 Re8 28. Ba4 Qb6 29. Bxe8 Qxa7 30. Bxg6 Rf6 31. Bxh7 Ne3 32. Be4+ Rh6 33. Rxh6+ Bxh6 34. Qd4+ Qxd4 35. Nxd4 dxe4 36. Ne2 Ng2+ 37. Kf2 Nxf4 38. Nxf4 Bxf4 39. b4 Bd2 40. b5 Bxc3 41. Ke3 Ba5 1/2-1/2

[Event "CYCC U18"]
[Site "Sault Ste Marie CAN"]
[Date "2017.07.10"]
[Round "7.6"]
[White "Zhong, Joey"]
[Black "Shi, Diwen"]
[Result "1/2-1/2"]
[WhiteElo "2156"]
[BlackElo "2287"]
[WhiteFideId "-1"]
[WhiteFideId "-1"]
[PlyCount "40"]
[GameId "2160767908410782"]
[EventDate "2017.07.06"]
[EventType "swiss"]
[EventRounds "7"]
[EventCountry "CAN"]
[SourceTitle "hb 2017"]

1. c4 Nc6 2. Nc3 e5 3. Nf3 Nf6 4. e4 Bc5 5. Nxe5 Nxe5 6. d4 Nxe4 7. Nxe4 Bb4+ 8. Nc3 Ng6 9. Bd3 O-O 10. O-O c6 11. Qh5 Qa5 12. Qxa5 Bxa5 13. Rb1 Bc7 14. g3 b6 15. b4 Bb7 16. b5 Rfe8 17. Be3 Rad8 18. Be4 Rb8 19. Bg2 Ne7 20. g4 Ng6 1/2-1/2

[Event "CYCC U18"]
[Site "Sault Ste Marie CAN"]
[Date "2017.07.10"]
[Round "7.7"]
[White "Doknjas, John"]
[Black "Adamo, Brendan"]
[Result "1-0"]
[WhiteElo "2281"]
[BlackElo "2166"]
[WhiteFideId "-1"]
[WhiteFideId "-1"]
[PlyCount "87"]
[GameId "2160767908410783"]
[EventDate "2017.07.06"]
[EventType "swiss"]
[EventRounds "7"]
[EventCountry "CAN"]
[SourceTitle "hb 2017"]

1. d4 Nf6 2. c4 g6 3. Nc3 Bg7 4. e4 d6 5. Nf3 O-O 6. Be2 e5 7. O-O Nc6 8. Be3 h6 9. d5 Ne7 10. Nd2 Ne8 11. c5 f5 12. f3 f4 13. Bf2 h5 14. Nb5 a6 15. Na3 g5 16. cxd6 cxd6 17. Nac4 Rf7 18. Rc1 Bf8 19. Bb6 Qd7 20. Bf2 Qd8 21. Nb6 Rb8 22. Nxc8 Nxc8 23. Rc3 Rc7 24. Qb3 Rxc3 25. Qxc3 Qc7 26. Qxc7 Nxc7 27. Rc1 Ne8 28. Nb3 Be7 29. Na5 Kf7 30. b3 b5 31. Nc6 Rb7 32. a4 Nc7 33. Na5 Rb8 34. Rxc7 Ra8 35. Nc6 Ke8 36. Nxe7 Nxe7 37. axb5 Kd8 38. b6 a5 39. Rxe7 Kxe7 40. b7 Rb8 41. Ba6 Kd7 42. Ba7 Rxb7 43. Bxb7 Kc7 44. Bc6 1-0

[Event "CYCC U18"]
[Site "Sault Ste Marie CAN"]
[Date "2017.07.10"]
[Round "7.8"]
[White "Petersen, Caleb"]
[Black "Colvin, Andrew"]
[Result "1/2-1/2"]
[WhiteElo "2107"]
[BlackElo "1903"]
[WhiteFideId "-1"]
[WhiteFideId "-1"]
[PlyCount "84"]
[GameId "2160767908410784"]
[EventDate "2017.07.06"]
[EventType "swiss"]
[EventRounds "7"]
[EventCountry "CAN"]
[SourceTitle "hb 2017"]

1. e4 Nc6 2. Nf3 e5 3. Bb5 Nf6 4. d3 d6 5. h3 g6 6. O-O Bg7 7. Re1 O-O 8. c3 a6 9. Ba4 b5 10. Bc2 Bb7 11. Nbd2 Re8 12. Nf1 d5 13. exd5 Nxd5 14. Ng3 f5 15. Bg5 Qd7 16. Bc1 Bf6 17. h4 Kg7 18. Qd2 Rad8 19. h5 Kh8 20. Bb3 Na5 21. Bc2 Nc6 22. hxg6 hxg6 23. Qh6+ Qh7 24. Kf1 Qxh6 25. Bxh6 Kh7 26. Bg5 Kg7 27. Rad1 Bxg5 28. Nxg5 Kf6 29. Nh7+ Kg7 30. Ng5 Kf6 31. Nh3 b4 32. c4 Nf4 33. Nxf4 exf4 34. Rxe8 Rxe8 35. Ne2 f3 36. gxf3 Ne5 37. b3 Nxf3 38. d4 Nh2+ 39. Ke1 Nf3+ 40. Kf1 Nh2+ 41. Ke1 Nf3+ 42. Kf1 Nh2+ 1/2-1/2

[Event "CYCC U18"]
[Site "Sault Ste Marie CAN"]
[Date "2017.07.10"]
[Round "7.9"]
[White "Greeson, Vincent Greeson"]
[Black "Hay, Jonathan"]
[Result "0-1"]
[WhiteElo "1780"]
[BlackElo "1940"]
[WhiteFideId "-1"]
[WhiteFideId "-1"]
[PlyCount "110"]
[GameId "2160767908410785"]
[EventDate "2017.07.06"]
[EventType "swiss"]
[EventRounds "7"]
[EventCountry "CAN"]
[SourceTitle "EXT 2022"]
[Source "ChessBase"]
[SourceDate "2021.10.06"]
[SourceVersion "1"]
[SourceVersionDate "2021.10.06"]
[SourceQuality "1"]

1. d4 c6 2. c4 d5 3. Nc3 Nf6 4. Nf3 dxc4 5. e4 b5 6. Bg5 b4 7. Bxf6 bxc3 8. Be5 cxb2 9. Rb1 Qa5+ 10. Qd2 c3 11. Qc2 Qxa2 12. d5 cxd5 13. Bxc3 Nd7 14. Rxb2 Qa3 15. Bb4 Qa1+ 16. Kd2 e6 17. Bc3 Qa3 18. exd5 Qd6 19. Rb5 Ba6 20. Ra5 Bb7 21. Bd3 Bxd5 22. Qa4 Bc6 23. Qc4 Nb6 24. Qg4 h5 25. Qd4 Bxf3 26. Qxd6 Bxd6 27. gxf3 Nd5 28. Be4 Rd8 29. Bxd5 Bf4+ 30. Kc2 Rxd5 31. Rxa7 O-O 32. Rg1 g6 33. Rxg6+ fxg6 34. Rg7+ Kh8 35. Rf7+ Be5 36. Rxf8+ Kg7 37. Rc8 Bxc3 38. Rxc3 Kf6 39. Re3 Kf5 40. Re4 Re5 41. Rc4 Re2+ 42. Kd3 Rxf2 43. Ke3 Rxh2 44. Rf4+ Ke5 45. Rf8 g5 46. Rg8 Rg2 47. Rh8 h4 48. Rh5 Rg3 49. Rh6 g4 50. Rh5+ Kf6 51. Rxh4 Rxf3+ 52. Ke4 Kg5 53. Rh8 Rf6 54. Rh1 g3 55. Rg1 Kg4 0-1

[Event "CYCC U18"]
[Site "Sault Ste Marie CAN"]
[Date "2017.07.10"]
[Round "7.10"]
[White "Brousseau, Joshua"]
[Black "McGovern, Michael"]
[Result "0-1"]
[WhiteElo "1021"]
[BlackElo "1160"]
[WhiteFideId "-1"]
[WhiteFideId "-1"]
[PlyCount "78"]
[GameId "2160767908410786"]
[EventDate "2017.07.06"]
[EventType "swiss"]
[EventRounds "7"]
[EventCountry "CAN"]
[SourceTitle "hb 2017"]

1. e4 c6 2. d4 d5 3. Nc3 dxe4 4. Nxe4 Nf6 5. Nxf6+ exf6 6. Nf3 Bd6 7. Bd3 O-O 8. O-O Bg4 9. Be3 Qc7 10. h3 Bh5 11. g4 Bg6 12. Bxg6 hxg6 13. Qd3 Nd7 14. c4 c5 15. Rae1 cxd4 16. Bxd4 Rfe8 17. h4 Nc5 18. Qc2 Qc6 19. Bxc5 Bxc5 20. Nd2 Qc7 21. Kg2 Rxe1 22. Rxe1 Qf4 23. f3 Bd6 24. Nf1 Bc5 25. Qe4 Qh6 26. Kg3 Bd6+ 27. f4 g5 28. hxg5 fxg5 29. Kf3 gxf4 30. Qxb7 Qh3+ 31. Kf2 Bc5+ 32. Ke2 Re8+ 33. Kd2 Rd8+ 34. Kc2 Qd3+ 35. Kc1 Qxc4+ 36. Kb1 Qd3+ 37. Kc1 Be3+ 38. Nxe3 fxe3 39. Qb3 Qd2+ 0-1

[Event "CYCC U18"]
[Site "Sault Ste Marie CAN"]
[Date "2017.07.10"]
[Round "7.12"]
[White "Robertson, Kole"]
[Black "Cloutier, Daniel"]
[Result "1-0"]
[WhiteElo "1680"]
[BlackElo "922"]
[WhiteFideId "-1"]
[WhiteFideId "-1"]
[PlyCount "83"]
[GameId "2160767908410788"]
[EventDate "2017.07.06"]
[EventType "swiss"]
[EventRounds "7"]
[EventCountry "CAN"]
[SourceTitle "hb 2017"]

1. b3 d5 2. Bb2 Nf6 3. Nf3 Nc6 4. e3 g6 5. c4 Bg7 6. cxd5 Qxd5 7. Nc3 Qd8 8. d4 a6 9. Be2 O-O 10. Rc1 b5 11. Nxb5 axb5 12. Rxc6 Bb7 13. Rc2 c6 14. a3 Qb6 15. O-O Rad8 16. b4 Nd7 17. Qc1 Rfe8 18. Ne5 Nxe5 19. dxe5 Qc7 20. Bxb5 Qb8 21. Bxc6 Bxc6 22. Rxc6 Rc8 23. Rc5 Red8 24. Bd4 e6 25. f4 Qa8 26. Qc3 Bf8 27. Rxc8 Rxc8 28. Qb2 Be7 29. Rc1 Rxc1+ 30. Qxc1 Kg7 31. Qc7 Bd8 32. Qa7 Qc6 33. Bc5 Qe4 34. h3 Bh4 35. Qb8 Qb1+ 36. Kh2 Bg3+ 37. Kxg3 Kh6 38. Qf8+ Kh5 39. Qxf7 h6 40. Qxe6 Qe1+ 41. Kh2 Qh4 42. g4+ 1-0